| 000 | 00695nam a2200205 i 4500 | ||
|---|---|---|---|
| 001 | 142799 | ||
| 003 | ES-MaACL | ||
| 005 | 20230906200626.0 | ||
| 007 | t| | ||
| 008 | 071010s1969 sp a |||| | spa d | ||
| 100 | 1 |
_aVieweg, Rolf. _9114606 |
|
| 245 | 1 | 0 |
_aProceso electrónico de datos y técnica de tarjetas perforadas / _cRolf Vieweg ; [traducción, Luis Martínez Montoliu ; revisión, Stefan Hladum]. |
| 260 |
_aBarcelona : _bSagitario, _c[1969] |
||
| 300 |
_a171 p. : _bil. ; _c25 cm. |
||
| 650 |
_aProceso de datos. _916433 |
||
| 650 | 4 |
_aFichas perforadas. _9168590 |
|
| 700 | 1 |
_aMartínez Montoliu, Luis. _978257 |
|
| 700 | 1 |
_aHladum, Stefan. _963844 |
|
| 852 |
_aES-MaACL _jC-38614 |
||
| 999 |
_c142799 _d142799 |
||